Plata y plateros del Perú (Record no. 754)

MARC details
000 -CABECERA
campo de control de longitud fija 00749nam a2200217 a 4500
001 - NÚMERO DE CONTROL
campo de control BRCA_859
005 - FECHA Y HORA DE LA ÚLTIMA TRANSACCIÓN
campo de control 20190320203200.0
008 - DATOS DE LONGITUD FIJA--INFORMACIÓN GENERAL
campo de control de longitud fija 980424s1997 pe-a---##b---#000-0#spa-#
040 ## - FUENTE DE LA CATALOGACIÓN
Centro catalogador/agencia de origen DLC
Centro/agencia transcriptor DLC
050 #4 - SIGNATURA TOPOGRÁFICA DE LA BIBLIOTECA DEL CONGRESO
Número de clasificación NK7139
Número de documento/Ítem .P53 1997
245 10 - MENCIÓN DE TÍTULO
Título Plata y plateros del Perú
Mención de responsabilidad, etc. Paloma Carcedo ... [et al.] ; editores José Torres della Pina, Victoria Mujica.
260 ## - PUBLICACIÓN, DISTRIBUCIÓN, ETC.
Lugar de publicación, distribución, etc. Lima
Nombre del editor, distribuidor, etc. Patronato Plata del Perú
Fecha de publicación, distribución, etc. 1997
300 ## - DESCRIPCIÓN FÍSICA
Extensión 385 p.
Otras características físicas il. a color
Dimensiones 30 cm.
650 14 - PUNTO DE ACCESO ADICIONAL DE MATERIA--TÉRMINO DE MATERIA
Término de materia o nombre geográfico como elemento de entrada Trabajo en plata
Subdivisión general Historia
Subdivisión geográfica Perú
9 (RLIN) 2863
650 14 - PUNTO DE ACCESO ADICIONAL DE MATERIA--TÉRMINO DE MATERIA
Término de materia o nombre geográfico como elemento de entrada Orfebrería
Subdivisión general Historia
Subdivisión geográfica Perú
9 (RLIN) 2864
650 14 - PUNTO DE ACCESO ADICIONAL DE MATERIA--TÉRMINO DE MATERIA
Término de materia o nombre geográfico como elemento de entrada Platería religiosa
Subdivisión general Historia
Subdivisión geográfica Perú
9 (RLIN) 2865
700 1# - PUNTO DE ACCESO ADICIONAL--NOMBRE DE PERSONA
Nombre de persona Carcedo, Paloma
9 (RLIN) 2866
700 1# - PUNTO DE ACCESO ADICIONAL--NOMBRE DE PERSONA
Nombre de persona Torres della Pina, José
9 (RLIN) 2867
700 1# - PUNTO DE ACCESO ADICIONAL--NOMBRE DE PERSONA
Nombre de persona Mujica, Victoria
9 (RLIN) 2868
942 ## - ELEMENTOS DE PUNTO DE ACCESO ADICIONAL (KOHA)
Fuente del sistema de clasificación o colocación Library of Congress Classification
Tipo de ítem Koha Libros
Holdings
Estado de retiro Estado de pérdida Estado dañado No para préstamo Localización permanente Ubicación/localización actual Fecha de adquisición Total de préstamos Signatura topográfica completa Código de barras Fecha visto por última vez Precio válido a partir de Tipo de ítem Koha
El ejemplar forma parte de la colección y puede ser consultado según las políticas vigentes.       Biblioteca del Museo Franz Mayer (Rogerio Casas-Alatriste) Biblioteca del Museo Franz Mayer (Rogerio Casas-Alatriste) 26/06/2008   NK7139 .P53 1997 01331 22/03/2019 22/03/2019 Libros